000 00448nam a2200181Ia 4500
001 7962
005 20260306160534.0
008 260306t1991||||xx |||||||||||||| ||spa||
041 _aESP
082 _a364.15
_bP78
100 _aPortocarrero Maisch, Gonzalo
_eAUT
245 0 _aSacaojos crisis social y fantasmas coloniales
260 _c1991
300 _a263 páginas :
_c21cm.
650 _aGEN
654 _aCPS
942 _cLIB
_dJUS
_fJUS
_2ddc
_n
999 _c7962
_d7962